Julio Garmendia: de lo fantástico a lo real-maravilloso
Este artículo trata sobre la escritura del venezolano Julio Garmendia, la cual rompe con la tradición realista predominante hasta los años veinte en este país. El enfoque del artículo se ubica en conceptos como lo fantástico y sus definiciones, lo maravilloso, lo real-maravilloso y el realismo mágic...
Gardado en:
| Autor Principal: | |
|---|---|
| Formato: | Desconocido |
| Publicado: |
Venezuela:
Universidad Simón Bolivar,
|
| Materias: | |
| Etiquetas: |
Engadir etiqueta
Sen Etiquetas, Sexa o primeiro en etiquetar este rexistro!
|
MARC
| LEADER | 000000000a22000000004500 | ||
|---|---|---|---|
| 001 | 000048 | ||
| 022 | |a 0798-958-X | ||
| 100 | 1 | |a Pulizzi, Giovanna | |
| 245 | 1 | 0 | |a Julio Garmendia: de lo fantástico a lo real-maravilloso |
| 260 | |a Venezuela: |b Universidad Simón Bolivar, | ||
| 310 | |a semestral | ||
| 520 | |a Este artículo trata sobre la escritura del venezolano Julio Garmendia, la cual rompe con la tradición realista predominante hasta los años veinte en este país. El enfoque del artículo se ubica en conceptos como lo fantástico y sus definiciones, lo maravilloso, lo real-maravilloso y el realismo mágico, a partir de un corpus de cuentos del autor venezolano. | ||
| 650 | 4 | |a LITERATURA VENEZOLANA | |
| 650 | 4 | |a LITERATURA FANTASTICA | |
| 650 | 4 | |a LO MARAVILLOSO | |
| 650 | 4 | |a REALISMO MAGICO | |
| 650 | 4 | |a REAL MARAVILLOSO | |
| 650 | 4 | |a GARMENDIA, JULIO | |
| 773 | 0 | |t Estudios: Revista de Investigaciones Literarias | |
| 773 | 0 | |g 3 | |
| 773 | 0 | |g 6 | |
| 773 | 0 | |g 1995 | |
| 773 | 0 | |g 327-340 | |
| 999 | |c 798 |d 798 | ||
